International migration of health workers: labour and social issues /
Guardado en:
| Hovedforfatter: | |
|---|---|
| Format: | Texto |
| Tags: |
Tilføj Tag
Ingen Tags, Vær først til at tagge denne postø!
|
MARC
| LEADER | 00000 a a2200000 04500 | ||
|---|---|---|---|
| 001 | 44752 | ||
| 003 | |||
| 040 | |||
| 100 | |a Bach, Stephen | ||
| 245 | |a International migration of health workers: |b labour and social issues / |c Stephen Bach | ||
| 773 | |g 10 páginas | ||
| 999 | |c 26919 |d 26919 | ||
